The Green Mountain anticlinorium in the vicinity of Wilmington and Woodford, Vermont. (Record no. 29644)

MARC details
000 -LEADER
fixed length control field 00970cam a22002771 4500
001 - CONTROL NUMBER
control field gs 62000254
003 - CONTROL NUMBER IDENTIFIER
control field DLC
005 - DATE AND TIME OF LATEST TRANSACTION
control field 20260227111411.0
008 - FIXED-LENGTH DATA ELEMENTS--GENERAL INFORMATION
fixed length control field 760623s1961 xx 000 0 eng
010 ## - LIBRARY OF CONGRESS CONTROL NUMBER
LC control number gs 62000254
035 ## - SYSTEM CONTROL NUMBER
System control number (OCoLC)2275455
040 ## - CATALOGING SOURCE
Original cataloging agency DLC
Transcribing agency MeU-P
Modifying agency DLC
042 ## - AUTHENTICATION CODE
Authentication code premarc
050 00 - LIBRARY OF CONGRESS CALL NUMBER
Classification number QE171
Item number .A3 no. 17
100 1# - MAIN ENTRY--PERSONAL NAME
Personal name Skehan, James William,
Dates associated with a name 1923-
245 14 - TITLE STATEMENT
Title The Green Mountain anticlinorium in the vicinity of Wilmington and Woodford, Vermont.
260 ## - PUBLICATION, DISTRIBUTION, ETC.
Place of publication, distribution, etc. Montpelier,
Name of publisher, distributor, etc. Vermont Development Dept.,
Date of publication, distribution, etc. 1961.
300 ## - PHYSICAL DESCRIPTION
Extent 159 p.
Other physical details illus. (1 col.) maps (1 col.)
Dimensions 23 cm.
490 1# - SERIES STATEMENT
Series statement Vermont. Geological Survey. Bulletin
Volume/sequential designation no. 17
500 ## - GENERAL NOTE
General note Part of illustrative matter fold. in pocket.
504 ## - BIBLIOGRAPHY, ETC. NOTE
Bibliography, etc. note Bibliography: p. 155-159.
650 #0 - SUBJECT ADDED ENTRY--TOPICAL TERM
Topical term or geographic name entry element Geology
Geographic subdivision Vermont
-- Green Mountains.
650 #0 - SUBJECT ADDED ENTRY--TOPICAL TERM
Topical term or geographic name entry element Geology, Structural.
650 #0 - SUBJECT ADDED ENTRY--TOPICAL TERM
Topical term or geographic name entry element Petrology
Geographic subdivision Vermont
-- Green Mountains.
810 1# - SERIES ADDED ENTRY--CORPORATE NAME
Corporate name or jurisdiction name as entry element Vermont.
Subordinate unit State Geologist.
Title of a work Bulletin ;
Volume/sequential designation no. 17.

No items available.

Powered by Koha